[Event "52nd Groningen Open"]
[Site "Groningen NED"]
[Date "2014.12.23"]
[Round "3.49"]
[White "Bhattacharjee, Sourav"]
[Black "Rubingh, Otto"]
[Result "0-1"]
[BlackTitle "FM"]
[WhiteElo "2029"]
[BlackElo "2209"]
[WhiteFideId "1048090"]
[BlackFideId "1002139"]
[EventDate "2014.12.21"]

1. e4 d5 2. exd5 Nf6 3. Bb5+ Nbd7 4. c4 g6 5. Nc3 Bg7 6. Nf3 O-O 7. Bxd7 Nxd7 8.
d3 Nb6 9. O-O e6 10. Bg5 f6 11. Be3 exd5 12. Bxb6 axb6 13. Nxd5 Be6 14. Nc3 Kh8
15. Re1 Qd7 16. Qc2 Rad8 17. h3 Bf5 18. Nd5 b5 19. Qc3 c6 20. Nb4 c5 21. Nd5 Be6
22. Nf4 Bg8 23. cxb5 Qxb5 24. Rad1 f5 25. Qc2 Rfe8 26. Ng5 Qc6 27. Rxe8 Rxe8 28.
b3 Qd6 29. g3 h6 30. Nf3 Bf7 31. h4 Qc6 32. Nd2 g5 33. hxg5 hxg5 34. Ng2 Bd4 35.
Nc4 f4 36. gxf4 gxf4 37. Nxf4 Rg8+ 38. Kf1 Qh1+ 39. Ke2 Qh2 40. Ne3 Qxf4 41.
Rh1+ Kg7 42. Qd2 Re8 43. Kd1 Qf3+ 44. Kc2 Qxh1 45. Nf5+ Kh8 46. Nxd4 cxd4 0-1

[Event "52nd Groningen Open"]
[Site "Groningen NED"]
[Date "2014.12.23"]
[Round "3.50"]
[White "Dirksen, Marieke"]
[Black "Dehn, Marcus"]
[Result "0-1"]
[WhiteElo "2002"]
[BlackElo "2169"]
[WhiteFideId "1032160"]
[BlackFideId "4667093"]
[EventDate "2014.12.21"]

1. e4 e6 2. d4 d5 3. Nc3 Nf6 4. Bg5 Be7 5. e5 Nfd7 6. Bxe7 Qxe7 7. Qd2 a6 8. f4
c5 9. Nf3 Nc6 10. Ne2 c4 11. g4 h5 12. gxh5 Rxh5 13. Ng3 Rh8 14. h4 Nf8 15. Be2
Bd7 16. Ng5 f6 17. Nf3 b5 18. h5 a5 19. Rh4 a4 20. Kf2 Kd8 21. Rah1 f5 22. Ng5
Be8 23. h6 Rxh6 24. Rxh6 gxh6 25. Rxh6 a3 26. b3 cxb3 27. cxb3 Qb4 28. Ke3 Qxd2+
29. Kxd2 Nb4 30. Nxe6+ Nxe6 31. Rxe6 Nxa2 32. Rd6+ Bd7 33. e6 Nc3 34. Rxd7+ Kc8
35. Nxf5 Ra6 36. Nd6+ Rxd6 37. Rxd6 Ne4+ 38. Kc2 Nxd6 39. b4 Nf5 40. Bg4 Ne3+
41. Kb3 Nxg4 42. Kxa3 Kd8 43. Kb3 Ke7 44. Kc3 Kxe6 45. Kd3 Kf5 0-1

[Event "52nd Groningen Open"]
[Site "Groningen NED"]
[Date "2014.12.23"]
[Round "3.51"]
[White "Chen, Yibo"]
[Black "Patzenhauer, Max"]
[Result "1-0"]
[WhiteElo "2156"]
[BlackElo "2000"]
[WhiteFideId "8605815"]
[BlackFideId "24690554"]
[EventDate "2014.12.21"]

1. d4 Nf6 2. Nf3 b6 3. c4 e6 4. Nc3 Bb7 5. Bf4 d5 6. e3 Be7 7. Rc1 c5 8. cxd5
Nxd5 9. Bxb8 Qxb8 10. Bb5+ Kf8 11. Ne5 Nf6 12. O-O a6 13. Bc6 cxd4 14. exd4 Bxc6
15. Nxc6 Qd6 16. Qf3 Rc8 17. Ne4 Qd5 18. Nxe7 Kxe7 19. Qa3+ Kd7 20. Nxf6+ gxf6
21. Qxa6 Qd6 22. Rfd1 Rhd8 23. Qb7+ Rc7 24. Rxc7+ Qxc7 25. Qe4 Ke7 26. h3 Qc4
27. Qb7+ Rd7 28. Qxb6 Qxa2 29. Qc5+ Ke8 30. b4 Qd5 31. Ra1 Rb7 32. Ra8+ Kd7 33.
Qc8+ Kd6 34. Qd8+ Kc6 35. Rc8+ Kb5 36. Qa5# 1-0

[Event "52nd Groningen Open"]
[Site "Groningen NED"]
[Date "2014.12.23"]
[Round "3.52"]
[White "Gelip, Ioana"]
[Black "Hertel, Johannes"]
[Result "0-1"]
[WhiteElo "2151"]
[BlackElo "1984"]
[WhiteFideId "1202260"]
[BlackFideId "24694851"]
[EventDate "2014.12.21"]

1. e4 c5 2. Nf3 d6 3. d4 cxd4 4. Nxd4 Nf6 5. Nc3 g6 6. Bc4 Bg7 7. Bb3 O-O 8. f3
Nc6 9. Be3 Bd7 10. Qd2 Rc8 11. O-O-O Ne5 12. h4 h5 13. g4 hxg4 14. h5 Nxh5 15.
Bh6 e6 16. Rdg1 Qf6 17. Bxg7 Qxg7 18. Qg5 Rc5 19. Qe7 gxf3 20. Qxd6 Rfc8 21. Rg5
Qf8 22. Nf5 Qxd6 23. Nxd6 Nd3+ 24. cxd3 Rxg5 25. Nxc8 f2 26. Ne7+ Kf8 27. Nxg6+
Rxg6 28. Ne2 Ng3 29. Nxg3 Rxg3 0-1

[Event "52nd Groningen Open"]
[Site "Groningen NED"]
[Date "2014.12.23"]
[Round "3.53"]
[White "Nguyen, Kevin"]
[Black "Dijkhuis, Sven"]
[Result "1-0"]
[WhiteElo "1986"]
[BlackElo "2126"]
[WhiteFideId "1046349"]
[BlackFideId "1036556"]
[EventDate "2014.12.21"]

1. e4 c5 2. Nc3 Nc6 3. Bb5 Nd4 4. Nf3 e6 5. O-O a6 6. Bd3 b5 7. b3 Bb7 8. Nxd4
cxd4 9. Ne2 e5 10. Bb2 d5 11. Ng3 Nf6 12. f4 exf4 13. Rxf4 Bd6 14. e5 Bxe5 15.
Qe2 Ne4 16. Rf5 Bxg3 17. hxg3 O-O 18. Bxe4 dxe4 19. Qf2 Qd6 20. Bxd4 Rfd8 21. c3
Rd7 22. Rf1 Qg6 23. Qf4 h6 24. Qh4 Re8 25. R5f4 Qc6 26. Qg4 Qg6 27. Qxd7 1-0

[Event "52nd Groningen Open"]
[Site "Groningen NED"]
[Date "2014.12.23"]
[Round "3.54"]
[White "Kampman, Tijmen"]
[Black "De Boer, Eelke"]
[Result "1/2-1/2"]
[WhiteElo "2084"]
[BlackElo "1933"]
[WhiteFideId "1009079"]
[BlackFideId "1048120"]
[EventDate "2014.12.21"]

1. c4 f5 2. g3 Nf6 3. Bg2 g6 4. Nc3 Bg7 5. b3 O-O 6. Bb2 d6 7. e3 e5 8. Nge2 a5
9. O-O Na6 10. d4 Qe7 11. Qd2 e4 12. a3 Be6 13. f3 Bf7 14. fxe4 fxe4 15. Nf4 g5
16. Nh3 h6 17. Nf2 Bg6 18. Ne2 b6 19. b4 axb4 20. axb4 c6 21. Ra3 d5 22. Rfa1
Nc7 23. Qc3 Bh5 24. Nc1 Ng4 25. Nxg4 Bxg4 26. Rxa8 Rxa8 27. Rxa8+ Nxa8 28. cxd5
cxd5 29. Qc6 Qd8 30. h3 Bh5 31. Na2 Be8 32. Qb7 b5 33. Nc3 Nb6 34. Kh2 Qd6 35.
Bc1 Bf6 36. Bf1 Bd8 37. Bd2 Bc6 38. Qa6 Qxb4 39. Qa2 Qf8 40. Kg1 Kh8 41. Be1 Nc4
42. Bf2 Qd6 43. Qa6 Bc7 44. Nxb5 Bxb5 45. Qxb5 Nxe3 46. Qe8+ Kg7 47. Be2 Nf5 48.
Bh5 Kh7 49. Qf7+ Ng7 50. Bg4 Bd8 51. Kg2 Kh8 52. Be3 Bc7 53. Bf2 Bd8 54. Be3 Bc7 1/2-1/2

[Event "52nd Groningen Open"]
[Site "Groningen NED"]
[Date "2014.12.23"]
[Round "3.55"]
[White "Acikel, Mert"]
[Black "Gutkind, Kedem"]
[Result "0-1"]
[WhiteElo "1917"]
[BlackElo "2064"]
[WhiteFideId "12956465"]
[BlackFideId "1046519"]
[EventDate "2014.12.21"]

1. e4 e6 2. d4 d5 3. Nd2 c5 4. exd5 Qxd5 5. Nb3 cxd4 6. Qxd4 Qxd4 7. Nxd4 a6 8.
g3 e5 9. Nb3 Bf5 10. c3 Be4 11. f3 Bd5 12. Be3 Nd7 13. Rd1 Ngf6 14. h3 Rc8 15.
Rh2 Be7 16. Rhd2 Be6 17. Na5 Rc7 18. Nb3 O-O 19. Bg2 b5 20. g4 b4 21. Ne2 bxc3
22. bxc3 Nc5 23. Nxc5 Bxc5 24. Bxc5 Rxc5 25. f4 exf4 26. Nxf4 Rxc3 27. g5 Ne8
28. Nxe6 fxe6 29. Re2 Rg3 30. h4 Nc7 31. Rd7 Nb5 32. Rxe6 Rxg2 33. Ree7 Rg1+ 34.
Ke2 Rg2+ 35. Ke1 Rg1+ 36. Ke2 Nc3+ 37. Kd2 Nb1+ 38. Ke2 Rg2+ 39. Ke1 Rff2 40.
Re8+ Rf8 41. Ree7 Rg1+ 42. Ke2 Nc3+ 43. Kd2 Rd1+ 44. Kxc3 Rf3+ 45. Kc2 Rxd7 46.
Rxd7 Ra3 47. Kb2 Ra4 48. Rd8+ Kf7 49. Rd7+ Kg6 50. h5+ Kxg5 51. Rxg7+ Kh6 52.
Ra7 Ra5 53. Kb3 Rb5+ 54. Kc3 a5 55. Kc4 Rxh5 56. Ra6+ Kg7 57. Ra7+ Kf6 58. Ra6+
Ke7 59. Kc3 Kd7 60. Kc2 Kc7 61. Kb2 Kb7 62. Rf6 Rh4 63. Re6 h5 64. Rh6 Kc7 65.
Ra6 a4 66. a3 Rg4 67. Kc2 h4 68. Rh6 Kd7 69. Kd2 Ke7 70. Ke2 Kf7 71. Ra6 Kg7 72.
Kf2 h3 73. Kf3 h2 74. Kxg4 h1=Q 75. Ra5 Qe4+ 76. Kg5 Qe3+ 77. Kg4 Qxa3 78. Kg5
Qc1+ 79. Kf5 a3 80. Ra7+ Kh6 81. Ra6+ Kh5 82. Ra8 Qb1+ 83. Kf4 a2 84. Ra5+ Kh4 0-1

[Event "52nd Groningen Open"]
[Site "Groningen NED"]
[Date "2014.12.24"]
[Round "4.1"]
[White "Donchenko, Alexander"]
[Black "Brandenburg, Daan"]
[Result "1-0"]
[WhiteTitle "IM"]
[BlackTitle "GM"]
[WhiteElo "2523"]
[BlackElo "2530"]
[WhiteFideId "24603295"]
[BlackFideId "1011014"]
[EventDate "2014.12.21"]

1. d4 Nf6 2. c4 g6 3. g3 Bg7 4. Bg2 O-O 5. Nf3 d6 6. O-O Nbd7 7. Nc3 e5 8. e4 a6
9. Qc2 exd4 10. Nxd4 Re8 11. Rd1 Rb8 12. a4 a5 13. Ndb5 Ne5 14. Qe2 Bd7 15. c5
d5 16. Bg5 dxe4 17. Nxe4 Bxb5 18. axb5 Qe7 19. Bxf6 Bxf6 20. f4 Bg7 21. fxe5
Qxe5 22. Rxa5 Rbd8 23. Raa1 Rd4 24. Rxd4 Qxd4+ 25. Kh1 Rd8 26. Rf1 h6 27. Qf2
Qc4 28. b6 cxb6 29. Nd6 Qb3 30. Nxb7 Rd1 31. c6 Bd4 32. Qe2 Rxf1+ 33. Bxf1 Qd5+
34. Bg2 Qg5 35. Nd6 Be5 36. Bd5 Kg7 37. Nxf7 Qc1+ 38. Kg2 Bd4 39. Nd6 1-0

[Event "52nd Groningen Open"]
[Site "Groningen NED"]
[Date "2014.12.24"]
[Round "4.2"]
[White "Tiviakov, Sergei"]
[Black "Koop, Thorben"]
[Result "1/2-1/2"]
[WhiteTitle "GM"]
[BlackTitle "FM"]
[WhiteElo "2677"]
[BlackElo "2396"]
[WhiteFideId "1008013"]
[BlackFideId "24661619"]
[EventDate "2014.12.21"]

1. e4 c5 2. Nf3 Nc6 3. Bb5 d6 4. O-O Bd7 5. Re1 Nf6 6. c3 a6 7. Ba4 b5 8. Bc2 g6
9. d4 cxd4 10. cxd4 Bg7 11. d5 Na5 12. h3 Rc8 13. Be3 Qc7 14. Bd3 O-O 15. Nbd2
Qb8 16. b3 e6 17. dxe6 Bxe6 18. Nd4 Bd7 19. Rc1 d5 20. Qf3 Nc6 21. Nxc6 Bxc6 22.
Bf4 dxe4 23. Bxe4 Bxe4 24. Nxe4 Qa8 25. Nxf6+ Bxf6 26. Qxa8 Rxa8 27. Rc6 Kg7 28.
g4 g5 29. Be5 Bxe5 30. Rxe5 h6 31. Rf5 Rfc8 32. Rff6 Rxc6 33. Rxc6 a5 34. Rb6 b4
35. Kg2 f6 36. Kg3 Kg6 37. h4 gxh4+ 38. Kxh4 Re8 39. f4 Re2 40. f5+ Kf7 41. Rb7+
Ke8 42. Kh5 Rxa2 43. Kxh6 Rg2 44. Kh5 Rg3 45. Ra7 Rxb3 46. g5 fxg5 47. f6 Rf3
48. Kg6 g4 49. f7+ Rxf7 50. Rxf7 b3 51. Ra7 g3 52. Rxa5 b2 53. Re5+ Kd7 54. Re1
Kd6 55. Kf5 Kd5 56. Rb1 g2 57. Kf4 Kd4 58. Kf3 Kd3 59. Kxg2 Kc2 60. Rxb2+ Kxb2 1/2-1/2

[Event "52nd Groningen Open"]
[Site "Groningen NED"]
[Date "2014.12.24"]
[Round "4.3"]
[White "Popilski, Gil"]
[Black "Rakhmanov, Aleksandr"]
[Result "1/2-1/2"]
[WhiteTitle "GM"]
[BlackTitle "GM"]
[WhiteElo "2522"]
[BlackElo "2647"]
[WhiteFideId "2809060"]
[BlackFideId "4173708"]
[EventDate "2014.12.21"]

1. e4 e6 2. d4 d5 3. Nc3 dxe4 4. Nxe4 Bd7 5. Bd3 Bc6 6. Ne2 Nd7 7. O-O Bxe4 8.
Bxe4 c6 9. Bf4 Ndf6 10. Bf3 Bd6 11. c3 Bxf4 12. Nxf4 Ne7 13. Qb3 Qc7 14. Nd3 O-O
15. Rfe1 Ng6 16. g3 Rfd8 17. a4 a5 18. Qc2 Rac8 19. Rab1 Ra8 20. Rbd1 Rac8 21.
Rb1 Ra8 22. Rbd1 Rac8 23. Rb1 1/2-1/2

[Event "52nd Groningen Open"]
[Site "Groningen NED"]
[Date "2014.12.24"]
[Round "4.4"]
[White "Ma, Qun"]
[Black "Svane, Rasmus"]
[Result "1-0"]
[WhiteTitle "GM"]
[BlackTitle "IM"]
[WhiteElo "2621"]
[BlackElo "2507"]
[WhiteFideId "8603154"]
[BlackFideId "4657101"]
[EventDate "2014.12.21"]

1. c4 c6 2. Nf3 d5 3. g3 Nf6 4. Bg2 dxc4 5. O-O b5 6. b3 cxb3 7. Qxb3 e6 8. d4
Bb7 9. Nc3 Be7 10. Ne5 a6 11. Rd1 O-O 12. Bg5 Nfd7 13. Bxe7 Qxe7 14. Nd3 Ra7 15.
Rac1 c5 16. dxc5 Nxc5 17. Nxc5 Qxc5 18. Ne4 Qe7 19. Nd6 Bxg2 20. Nc8 Qb7 21.
Nxa7 Bd5 22. Qe3 Nd7 23. Qf4 Qxa7 24. Rc7 Qb8 25. Rxd7 Qxf4 26. gxf4 Bxa2 27.
Ra7 Bc4 28. e3 Bd5 29. Rxa6 Rb8 30. Rb1 f5 31. Rb4 Bc4 32. Ra7 Rd8 33. Rb1 h6
34. Kg2 Rd2 35. Kh3 Rxf2 36. Rg1 Rf3+ 37. Kh4 Kf8 38. Rgxg7 Bf1 39. Kh5 Rf2 40.
Rgc7 Rxh2+ 41. Kg6 Rg2+ 42. Kf6 1-0

[Event "52nd Groningen Open"]
[Site "Groningen NED"]
[Date "2014.12.24"]
[Round "4.5"]
[White "L'Ami, Erwin"]
[Black "Azaladze, Shota"]
[Result "1-0"]
[WhiteTitle "GM"]
[BlackTitle "IM"]
[WhiteElo "2613"]
[BlackElo "2499"]
[WhiteFideId "1007998"]
[BlackFideId "13603027"]
[EventDate "2014.12.21"]

1. d4 Nf6 2. c4 g6 3. Nc3 Bg7 4. e4 c5 5. d5 O-O 6. Bd3 e6 7. h3 exd5 8. exd5 d6
9. Nf3 Re8+ 10. Be3 Rxe3+ 11. fxe3 Qe7 12. O-O Nbd7 13. Qd2 a6 14. a4 b6 15. Rf2
Ra7 16. Raf1 h6 17. b3 Ne5 18. Nxe5 Qxe5 19. Rf3 Bd7 20. Qf2 Qxc3 21. Rxf6 Be8
22. Rxd6 Qxd3 23. Rd8 Kf8 24. Qf4 Rb7 25. Qf3 Qf5 26. Qxf5 gxf5 27. Rxf5 Ke7 28.
Ra8 a5 29. Rf4 Bd7 30. Rg8 Bf6 31. Re4+ Kd6 32. Rf8 Bf5 33. Rf4 Ke5 34. Re8+ Re7
35. Rb8 Bg5 36. Rf3 Be4 37. Kf2 Bc2 38. Rxb6 Bd1 39. Kg3 Ke4 40. Rf1 Be2 41. Rf2
Kxe3 42. d6 Rd7 43. Rf5 Bd3 44. Rf3+ Kd4 45. h4 Bd8 46. Rb5 Be4 47. Rf1 f5 48.
Rd1+ Kc3 49. Rxc5 Kxb3 50. Rb5+ Kxc4 51. Kf4 Bxh4 52. Ke5 Rd8 53. d7 Bg5 54. g4
Bf3 55. Rd4+ Kc3 56. Rc5+ Kb3 57. gxf5 Be3 58. Rd3+ Kb4 59. Rc8 1-0

[Event "52nd Groningen Open"]
[Site "Groningen NED"]
[Date "2014.12.24"]
[Round "4.6"]
[White "Andriasian, Zaven"]
[Black "Wan, Yunguo"]
[Result "1-0"]
[WhiteTitle "GM"]
[BlackTitle "IM"]
[WhiteElo "2609"]
[BlackElo "2482"]
[WhiteFideId "13302000"]
[BlackFideId "8603189"]
[EventDate "2014.12.21"]

1. e4 e6 2. d4 d5 3. Nc3 Bb4 4. e5 c5 5. a3 Bxc3+ 6. bxc3 Ne7 7. h4 Qa5 8. Bd2
Qa4 9. Qb1 c4 10. h5 h6 11. g3 Nbc6 12. Bh3 f6 13. exf6 gxf6 14. Nf3 e5 15. Bxc8
Rxc8 16. Kf1 Rc7 17. Qc1 exd4 18. cxd4 Nf5 19. c3 Rg7 20. Bf4 Nce7 21. Ra2 Qd7
22. Re2 Nd6 23. Bxd6 Qxd6 24. Nh4 Kd8 25. Kg2 f5 26. Re5 Qf6 27. Qf4 Rg4 28. Qf3
Re4 29. Ng6 Nxg6 30. Rxd5+ Kc8 31. Rxf5 Nf4+ 32. Rxf4 Rxf4 33. Qxf4 Qxf4 34.
gxf4 Rf8 35. Kf3 Rf5 36. Kg4 Ra5 37. f5 Kd7 38. Re1 Ra6 39. a4 1-0

[Event "52nd Groningen Open"]
[Site "Groningen NED"]
[Date "2014.12.24"]
[Round "4.7"]
[White "Nakar, Eylon"]
[Black "Ipatov, Alexander"]
[Result "1/2-1/2"]
[WhiteTitle "IM"]
[BlackTitle "GM"]
[WhiteElo "2419"]
[BlackElo "2599"]
[WhiteFideId "2811111"]
[BlackFideId "14116731"]
[EventDate "2014.12.21"]

1. e4 e5 2. Nf3 Nc6 3. Bb5 a6 4. Ba4 Nf6 5. O-O Be7 6. Re1 b5 7. Bb3 d6 8. c3
O-O 9. h3 a5 10. a4 b4 11. d4 bxc3 12. Nxc3 Nxd4 13. Nxd4 exd4 14. Qxd4 Rb8 15.
Bc4 c6 16. Rb1 Nd7 17. Bf4 Rb4 18. Na2 Bf6 19. Qd3 Nc5 20. Qe2 Rxc4 21. Qxc4 Be6
22. Qe2 Bxa2 23. Rbd1 d5 24. b4 Nxe4 25. Qxa2 Nc3 26. Qb3 Nxd1 27. Rxd1 axb4 28.
Qxb4 Re8 29. a5 g5 30. Bg3 Qa8 31. Rc1 d4 32. Qd6 Re6 33. Qb8+ Qxb8 34. Bxb8 d3
35. Rd1 c5 36. Rxd3 c4 37. Rd5 Re8 38. Bc7 c3 39. Rc5 Re1+ 40. Kh2 Ra1 41. Rc6
Kg7 42. a6 Bd4 43. Bd6 Ra2 44. Bc5 Bxc5 45. Rxc5 1/2-1/2

[Event "52nd Groningen Open"]
[Site "Groningen NED"]
[Date "2014.12.24"]
[Round "4.8"]
[White "Vocaturo, Daniele"]
[Black "Raznikov, Danny"]
[Result "1/2-1/2"]
[WhiteTitle "GM"]
[BlackTitle "IM"]
[WhiteElo "2590"]
[BlackElo "2494"]
[WhiteFideId "813192"]
[BlackFideId "2811154"]
[EventDate "2014.12.21"]

1. e4 e5 2. Nf3 Nc6 3. Nc3 Nf6 4. d4 exd4 5. Nxd4 Bb4 6. Nxc6 bxc6 7. Bd3 O-O 8.
O-O d5 9. exd5 cxd5 10. Qf3 c6 11. h3 Re8 12. Bf4 Bd6 13. Rfe1 Be6 14. Rad1 Qb8
15. Bxd6 Qxd6 16. b3 Bd7 17. Re2 Rxe2 18. Nxe2 Re8 19. c4 Qa3 20. cxd5 cxd5 21.
Bb1 a5 22. Nf4 Be6 23. Qc3 Rc8 24. Qe3 Qd6 25. Qd4 h6 26. Bd3 Rb8 27. Bc4 Rb4
28. Qd2 Ne4 29. Qe3 Nf6 30. Ne2 Qc7 31. Bd3 a4 32. Rc1 Qd6 33. Nd4 axb3 34. axb3
Bd7 35. Ra1 Rb8 36. Ra6 Qf8 37. Qg3 Kh8 38. Ra7 Rb4 39. Qe3 Qe8 40. Bc2 Kg8 41.
Qd2 Rb6 42. f3 g6 43. Ra1 Qf8 44. Qf4 Qc5 45. Kh1 Kg7 46. Rd1 Rb4 47. Bb1 Qe7
48. Kg1 Kh7 49. g4 Kg7 50. Kf2 Qc5 51. Qe5 Rxb3 52. f4 Qb6 53. g5 hxg5 54. fxg5
Rxh3 55. Kg2 Rh8 56. gxf6+ Qxf6 57. Qxf6+ Kxf6 58. Ba2 Be6 59. Nc6 Ra8 60. Bxd5
Bxd5+ 61. Rxd5 Ra2+ 62. Kf3 Ra3+ 63. Ke4 Ra4+ 64. Nd4 Ra1 65. Rd6+ Kg7 66. Nf3
Ra4+ 67. Ke3 Ra3+ 68. Ke4 Ra4+ 69. Ke3 Ra3+ 70. Ke4 Ra4+ 1/2-1/2

[Event "52nd Groningen Open"]
[Site "Groningen NED"]
[Date "2014.12.24"]
[Round "4.9"]
[White "Biolek, Richard Jr."]
[Black "Bok, Benjamin"]
[Result "0-1"]
[WhiteTitle "IM"]
[BlackTitle "GM"]
[WhiteElo "2446"]
[BlackElo "2572"]
[WhiteFideId "319996"]
[BlackFideId "1017063"]
[EventDate "2014.12.21"]

1. d4 Nf6 2. c4 e6 3. g3 d5 4. Nf3 dxc4 5. Bg2 Bb4+ 6. Bd2 a5 7. Qc2 Bxd2+ 8.
Nbxd2 b5 9. a4 c6 10. b3 cxb3 11. Nxb3 b4 12. Ne5 O-O 13. O-O Nd5 14. Be4 h6 15.
e3 Nc3 16. Bg2 Qc7 17. Nc5 Nd7 18. Nexd7 Bxd7 19. f4 Rad8 20. Rfc1 f6 21. Ne4
Nd5 22. Qb3 Be8 23. Rc5 Kh8 24. Rac1 Qa7 25. Rf1 Qc7 26. Rfc1 Qe7 27. Rf1 e5 28.
fxe5 fxe5 29. Rxf8+ Qxf8 30. dxe5 Qf5 31. Nd6 Qxe5 32. Nxe8 Qa1+ 33. Kf2 Rxe8
34. Bxd5 cxd5 35. Kg2 Rf8 36. Qd3 Qxa4 37. Rxd5 b3 38. Rd8 Rxd8 39. Qxd8+ Kh7
40. Qd3+ Kg8 41. Qd5+ Kf8 42. Qf5+ Ke7 43. Qe5+ Kd7 44. Qd5+ Kc7 45. Qe5+ Kb7
46. Qe7+ Kb6 47. Qd8+ Kb7 48. Qe7+ Kb6 49. Qd8+ Kc5 50. Qf8+ Kd5 51. Qd8+ Ke6
52. Qg8+ Kd6 53. Qb8+ Kd7 54. Qb7+ Ke6 55. e4 Qc4 56. Qb6+ Ke5 57. Qxa5+ Kxe4
58. Qe1+ Kf5 59. Kf3 Qd3+ 60. Kf2 Kg6 0-1

[Event "52nd Groningen Open"]
[Site "Groningen NED"]
[Date "2014.12.24"]
[Round "4.10"]
[White "Baghdasaryan, Vahe"]
[Black "Alsina Leal, Daniel"]
[Result "1/2-1/2"]
[WhiteTitle "IM"]
[BlackTitle "GM"]
[WhiteElo "2368"]
[BlackElo "2540"]
[WhiteFideId "13303139"]
[BlackFideId "2252627"]
[EventDate "2014.12.21"]

1. c4 e5 2. Nc3 Nf6 3. Nf3 Nc6 4. e4 Bb4 5. d3 d6 6. a3 Ba5 7. b4 Bb6 8. Na4 Bg4
9. Nxb6 axb6 10. Bb2 Nd7 11. Be2 Bxf3 12. Bxf3 Nf8 13. d4 Nxd4 14. Bxd4 exd4 15.
Qxd4 Ne6 16. Qd5 c6 17. Qd3 Qf6 18. Rd1 Qb2 19. O-O Qxa3 20. Qxd6 Rd8 21. Qe5
O-O 22. Rxd8 Rxd8 23. Bg4 Qxb4 24. Bxe6 Qe7 25. Bxf7+ Qxf7 26. Qc3 Qe7 27. e5
Qc5 28. e6 b5 29. Qa5 b6 30. Qa7 Rf8 31. Qd7 Qh5 32. Qxc6 bxc4 33. Qxc4 b5 34.
Qc6 Qe8 35. Qd5 Qe7 36. Re1 b4 37. g3 h6 38. Re4 Rb8 39. Qd7 Rb7 40. Qxe7 Rxe7
41. f4 Kf8 42. Rxb4 Rxe6 43. Kf2 Kf7 44. Kf3 Kf6 45. Rb8 g6 46. Rf8+ Ke7 47. Ra8
Kf6 48. Rf8+ Kg7 49. Rd8 Kf6 50. g4 Ra6 51. h4 Rb6 52. g5+ hxg5 53. hxg5+ Ke7
54. Rc8 Rb3+ 55. Ke4 Rb4+ 56. Ke5 Rb5+ 57. Kd4 Rb4+ 58. Rc4 Rb7 59. Kd5 Ra7 60.
Rb4 Ra5+ 61. Kd4 Ra7 62. Ke4 Kf7 63. Rc4 1/2-1/2

[Event "52nd Groningen Open"]
[Site "Groningen NED"]
[Date "2014.12.24"]
[Round "4.11"]
[White "Werle, Jan"]
[Black "Lobzhanidze, Davit"]
[Result "0-1"]
[WhiteTitle "GM"]
[BlackTitle "IM"]
[WhiteElo "2531"]
[BlackElo "2433"]
[WhiteFideId "1006088"]
[BlackFideId "13600796"]
[EventDate "2014.12.21"]

1. d4 Nf6 2. c4 e6 3. Nc3 d5 4. Bg5 Be7 5. cxd5 exd5 6. e3 O-O 7. Bd3 c6 8. Qc2
Nbd7 9. Nge2 Re8 10. O-O Nf8 11. f3 Be6 12. Rad1 Rc8 13. e4 dxe4 14. fxe4 Ng4
15. Bf4 Bg5 16. Qd2 Bxf4 17. Qxf4 Ng6 18. Qd2 c5 19. d5 Bd7 20. h3 N4e5 21. Ng3
Nxd3 22. Qxd3 Qg5 23. Nf5 Ne5 24. Qe2 Rcd8 25. Kh1 Bxf5 26. exf5 Nd7 27. Qb5 b6
28. d6 h6 29. Nd5 Re4 30. f6 Nxf6 31. Nxf6+ gxf6 32. d7 Rd4 33. Rxd4 cxd4 34.
Qc6 Qe5 35. Rd1 Qe6 36. Qxe6 fxe6 37. Rxd4 e5 38. Rd3 Kf7 39. b4 Ke6 40. g4 Rxd7
41. Ra3 e4 42. Kg2 f5 43. gxf5+ Kxf5 44. b5 0-1

[Event "52nd Groningen Open"]
[Site "Groningen NED"]
[Date "2014.12.24"]
[Round "4.12"]
[White "Ernst, Sipke"]
[Black "Baskin, Robert"]
[Result "1-0"]
[WhiteTitle "GM"]
[WhiteElo "2553"]
[BlackElo "2287"]
[WhiteFideId "1004689"]
[BlackFideId "24662402"]
[EventDate "2014.12.21"]

1. d4 Nf6 2. Nf3 g6 3. Bg5 Bg7 4. c3 d5 5. Nbd2 Nbd7 6. e3 O-O 7. Be2 c5 8. O-O
b6 9. a4 Re8 10. Bb5 Bb7 11. Bxf6 Bxf6 12. a5 a6 13. Bxd7 Qxd7 14. axb6 Qd6 15.
Nb3 cxd4 16. exd4 Qxb6 17. Nc5 Bc6 18. Qd2 Bb5 19. Rfe1 e6 20. Ne5 Bxe5 21. Rxe5
f6 22. Re3 e5 23. b3 Rad8 24. Rae1 e4 25. f4 f5 26. Qf2 Qf6 27. Ra1 h6 28. Ra2
g5 29. Qg3 g4 30. h4 h5 31. Qf2 Rc8 32. g3 Red8 33. Qd2 Rc6 34. Kf2 Kf7 35. Re1
Qe7 36. Ke3 Rdc8 37. b4 Rd8 38. Rea1 Rdd6 39. Ra5 Bc4 40. Qb2 Qc7 41. R1a3 Rb6
42. Qa1 Qc6 43. Na4 Rb5 44. Nc5 Rxa5 45. Rxa5 Bb5 46. Qa2 Bc4 47. Qa3 Bb5 48.
Qb2 Qc7 49. Qa2 Qc6 50. Qb2 Qc7 51. Ra1 Rb6 52. Qa2 Qc6 53. Qa5 Ke8 54. Rc1 Ke7
55. Qa1 Bc4 56. Rb1 Bb5 57. Re1 Kf7 58. Kd2 Kf8 59. Qa5 Kf7 60. Nd7 Qxd7 61.
Qxb6 Bc4 62. b5 Qxb5 63. Rb1 e3+ 64. Ke1 Qxb6 65. Rxb6 Kg7 66. Re6 e2 67. Rd6
Kh7 68. Kd2 Kg7 69. Rc6 Bb5 70. Rc5 Bc4 71. Rc7+ Kf6 72. Rh7 Kg6 73. Rh8 Bb5 74.
Rd8 Bc4 75. Rd6+ Kg7 76. Re6 Kh7 77. Rf6 Bd3 78. Ke1 Kg7 79. Rc6 Bc4 80. Rd6 Kh7
81. Rf6 Bd3 82. c4 Kg7 83. Rxa6 Bxc4 84. Re6 Kh7 85. Rxe2 Bd3 86. Re6 Kg7 87.
Kd2 1-0

[Event "52nd Groningen Open"]
[Site "Groningen NED"]
[Date "2014.12.24"]
[Round "4.13"]
[White "Hovhannisyan, Mher"]
[Black "Stegariu, Vlad-Ionut"]
[Result "1/2-1/2"]
[WhiteTitle "IM"]
[WhiteElo "2511"]
[BlackElo "2268"]
[WhiteFideId "13300865"]
[BlackFideId "1217860"]
[EventDate "2014.12.21"]

1. d4 Nf6 2. Nf3 g6 3. g3 Bg7 4. Bg2 O-O 5. O-O d5 6. c4 c6 7. b3 a5 8. Nc3 Ne4
9. Bb2 Nxc3 10. Bxc3 Nd7 11. Rc1 a4 12. c5 axb3 13. Qxb3 Qc7 14. a4 e5 15. e3 h5
16. Nxe5 Nxe5 17. dxe5 Bxe5 18. Bxe5 Qxe5 19. Rfd1 h4 20. gxh4 Kg7 21. Rd4 Rh8
22. Rf4 Rh5 23. Qb4 Rf5 24. Rd4 Qf6 25. Rc2 Rh5 26. Rb2 g5 27. hxg5 Rxg5 28. h4
Rg6 29. Rf4 Qe5 30. Kf1 Rxa4 31. Qxa4 Qxb2 32. Qd4+ Qxd4 33. Rxd4 Kh6 34. Rf4
Be6 35. Rb4 Bf5 36. Bf3 Bd3+ 37. Be2 Ba6 38. Rf4 Bxe2+ 39. Kxe2 f6 40. Rb4 Rg7
41. Rf4 Kh5 42. Kf3 Rf7 43. Kg3 f5 44. Kf3 Kg6 45. Rb4 Rh7 46. Kg3 Kf6 47. Rb1
Ke5 48. Rb4 Rg7+ 49. Kf3 Rh7 50. Ke2 Kf6 51. Kd3 Kg6 52. Ke2 Kf6 53. Kd2 Rg7 54.
Kd3 Rg1 55. Rxb7 Rc1 56. h5 Kg5 57. Rh7 Rxc5 58. f4+ Kf6 59. Rh6+ Kg7 60. Rg6+
Kf7 61. Kd4 Rc4+ 62. Ke5 Re4+ 63. Kxf5 Rxe3 64. Rxc6 d4 65. Rc7+ Kg8 66. Rd7 d3
67. Kf6 Rh3 68. f5 Rg3 69. Rd8+ Kh7 70. Ke6 Re3+ 71. Kf6 Rf3 72. Kg5 Rg3+ 73.
Kf4 Rh3 74. f6 d2 75. Kg4 Rh2 76. Kg5 Rf2 77. Rd7+ Kg8 78. Kg6 Rg2+ 79. Kf5 Rf2+
80. Kg5 Rg2+ 81. Kf5 Rf2+ 82. Kg5 Rg2+ 83. Kh4 Rf2 84. Kg4 Rxf6 85. Rxd2 Ra6 1/2-1/2